000 00685nam a2200217 a 4500
001 BRCA_975
005 20190320203228.0
008 010330s2000 mx-a---##b---#000-0#spa-#
020 _a9701842669
040 _aDLC
_cDLC
041 _aspaeng
050 4 _aN8217.A6
_b.V58 2000
245 1 0 _aVisiones apocalípticas
_bcambio y regeneración : siglos XVI al XX.
260 _aMéxico
_bMuseo Nacional del Virreinato : CONACULTA : INAH
_c2000
300 _a179 p.
_bil. a color
_c33 cm.
504 _aBibliografía: p. 173
546 _aTexto en: español e inglés
650 1 4 _aApocalipsis en arte
_vExposiciones
_93218
650 1 4 _aArte mexicano
_vExposiciones
_93219
942 _2lcc
_cB
999 _c860
_d860